| 000 -LEADER |
| fixed length control field |
00388nam a22001451a 4500 |
| 082 ## - DEWEY DECIMAL CLASSIFICATION NUMBER |
| Classification number |
S 294.3824 |
| Item number |
MAH/N |
| 245 ## - TITLE STATEMENT |
| Title |
Namarupa samaso/ |
| Statement of responsibility, etc. |
edited by Mahesh Tiwari |
| 260 ## - PUBLICATION, DISTRIBUTION, ETC. |
| Place of publication, distribution, etc. |
New Delhi: |
| Name of publisher, distributor, etc. |
Pali Pariven, |
| Date of publication, distribution, etc. |
1994. |
| 300 ## - PHYSICAL DESCRIPTION |
| Extent |
40p. |
| 650 ## - SUBJECT ADDED ENTRY--TOPICAL TERM |
| Topical term or geographic name entry element |
Abhidharmapitaka |
| 9 (RLIN) |
132818 |
| 650 ## - SUBJECT ADDED ENTRY--TOPICAL TERM |
| Topical term or geographic name entry element |
Buddhism |
| 9 (RLIN) |
132819 |
| 650 ## - SUBJECT ADDED ENTRY--TOPICAL TERM |
| Topical term or geographic name entry element |
Religion |
| 9 (RLIN) |
132820 |
| 700 ## - ADDED ENTRY--PERSONAL NAME |
| Personal name |
Mahesh Tiwari (ed.) |
| 9 (RLIN) |
132821 |
| 942 ## - ADDED ENTRY ELEMENTS (KOHA) |
| Koha item type |
Book |